000 00347 a2200157 4500
001 184892
020 _a85-04-00716-2
040 _cMagnum
100 _aAlvarenga, Terezinha
240 1 0 _aTô pedindo trabalho
_lpor
245 1 0 _aTô pedindo trabalho
300 _a39
362 0 _a2004
697 _aLITERATURA INFANTO-JUVENIL
942 _cBK
999 _c184892
_d184892